[Event "Niederoesterreich Landesliga 1617"]
[Site "Austria"]
[Date "2017.01.29"]
[Round "6.2"]
[White "Kleiser, Gregor"]
[Black "Ehs, Dominik"]
[Result "1-0"]
[WhiteElo "2252"]
[BlackElo "2108"]
[PlyCount "67"]
[EventDate "2016.10.02"]
[EventType "team-tourn"]
[EventRounds "11"]
[EventCountry "AUT"]
[SourceTitle "EXT 2018"]
[Source "ChessBase"]
[SourceDate "2017.10.13"]
[SourceVersion "1"]
[SourceVersionDate "2017.10.13"]
[SourceQuality "1"]
[WhiteTeam "Krems Voest"]
[BlackTeam "Mostarrichi"]
[WhiteTeamCountry "AUT"]
[BlackTeamCountry "AUT"]

1. d4 Nf6 2. c4 g6 3. Nc3 Bg7 4. e4 d6 5. Nf3 0-0 6. Be2 e5 7. 0-0 a5 8. Rb1 Nfd7 9. a3 Na6 10. b4 exd4 11. Nxd4 axb4 12. axb4 Nxb4 13. Rxb4 Bxd4 14. Qxd4 c5 15. Qxd6 cxb4 16. Qxb4 Qb6 17. Nb5 Ra2 18. Bd1 Qa5 19. Qb3 Nc5 20. Qe3 b6 21. Nc3 Be6 22. Qd4 f6 23. Bh6 Ra3 24. Bxf8 Kxf8 25. Qxf6+ Bf7 26. Nb5 Rd3 27. Bg4 Qd2 28. Nc7 Nxe4 29. Qh8+ Ke7 30. Qe5+ Kd8 31. Qxe4 Kxc7 32. Qe7+ Rd7 33. Bxd7 Qxd7 34. Qe4 1-0

[Event "Niederoesterreich Landesliga 1617"]
[Site "Austria"]
[Date "2016.11.27"]
[Round "3.1"]
[White "Kleiser, Gregor"]
[Black "Hofmann, Thomas"]
[Result "0-1"]
[WhiteElo "2252"]
[BlackElo "2260"]
[PlyCount "102"]
[EventDate "2016.10.02"]
[EventType "team-tourn"]
[EventRounds "11"]
[EventCountry "AUT"]
[SourceTitle "EXT 2018"]
[Source "ChessBase"]
[SourceDate "2017.10.13"]
[SourceVersion "1"]
[SourceVersionDate "2017.10.13"]
[SourceQuality "1"]
[WhiteTeam "Krems Voest"]
[BlackTeam "Mistelbach"]
[WhiteTeamCountry "AUT"]
[BlackTeamCountry "AUT"]

1. d4 Nf6 2. c4 e6 3. Nf3 d5 4. g3 dxc4 5. Bg2 Bd7 6. Ne5 Bc6 7. Bxc6+ Nxc6 8. Nxc6 bxc6 9. 0-0 c5 10. dxc5 Qxd1 11. Rxd1 Bxc5 12. Nc3 Ke7 13. Bg5 Rhd8 14. Na4 Bd4 15. Rac1 Rab8 16. e3 Bxb2 17. Rxd8 Kxd8 18. Rb1 c3 19. Nxc3 Kc8 20. Bxf6 gxf6 21. Ne4 f5 22. Ng5 c5 23. Nxf7 Kc7 24. Kf1 c4 25. Ng5 Kd6 26. Nf3 e5 27. Ke2 a5 28. Kd1 a4 29. Kc2 a3 30. Rd1+ Kc6 31. Ng5 h5 32. h4 f4 33. Ne4 fxe3 34. fxe3 Rg8 35. Rd6+ Kb5 36. Rh6 Rg4 37. Nd6+ Kc5 38. Nf5 Rg8 39. Rxh5 Rd8 40. g4 Rd3 41. g5 Rc3+ 42. Kd2 Rc1 43. Rh8 c3+ 44. Kd3 Rd1+ 45. Kc2 Rd2+ 46. Kb3 c2 47. Rc8+ Kb5 48. g6 c1Q 49. Rxc1 Bxc1 50. h5 Rb2+ 51. Kc3 Rxa2 0-1

[Event "Niederoesterreich Landesliga 1617"]
[Site "Austria"]
[Date "2016.10.23"]
[Round "2.1"]
[White "Polak, Tomas"]
[Black "Kleiser, Gregor"]
[Result "1-0"]
[WhiteElo "2524"]
[BlackElo "2252"]
[PlyCount "75"]
[EventDate "2016.10.02"]
[EventType "team-tourn"]
[EventRounds "11"]
[EventCountry "AUT"]
[SourceTitle "EXT 2018"]
[Source "ChessBase"]
[SourceDate "2017.10.13"]
[SourceVersion "1"]
[SourceVersionDate "2017.10.13"]
[SourceQuality "1"]
[WhiteTeam "Stockerau"]
[BlackTeam "Krems Voest"]
[WhiteTeamCountry "AUT"]
[BlackTeamCountry "AUT"]

1. d4 Nf6 2. c4 g6 3. Nc3 d5 4. cxd5 Nxd5 5. e4 Nxc3 6. bxc3 c5 7. Nf3 Bg7 8. Rb1 0-0 9. Be2 cxd4 10. cxd4 Qa5+ 11. Bd2 Qxa2 12. 0-0 Bg4 13. Bg5 h6 14. Be3 Nc6 15. Rxb7 Rfd8 16. d5 Bxf3 17. Bxf3 e6 18. d6 Bf8 19. d7 Ne5 20. Qd4 Bg7 21. Qd6 Nc4 22. Qc5 Bf8 23. Qc6 Nxe3 24. fxe3 Qd2 25. Rd1 Qxe3+ 26. Kh1 e5 27. Rb5 Bg7 28. Qd5 Bf6 29. Rb3 Qf2 30. Bg4 Qh4 31. Rf3 Rab8 32. Be6 Rf8 33. g3 Qh5 34. Rxf6 fxe6 35. Qxe6+ Kh8 36. Rdf1 Rg8 37. Rf7 Rb6 38. Qe7 1-0

[Event "Niederoesterreich Landesliga 1516"]
[Site "Austria"]
[Date "2016.02.28"]
[Round "9.2"]
[White "Kleiser, Gregor"]
[Black "Vrana, Frantisek"]
[Result "1-0"]
[WhiteElo "2242"]
[BlackElo "2228"]
[PlyCount "43"]
[EventDate "2015.09.27"]
[EventType "team-tourn"]
[EventRounds "11"]
[EventCountry "AUT"]
[SourceTitle "EXT 2017"]
[Source "ChessBase"]
[SourceDate "2016.10.25"]
[SourceVersion "1"]
[SourceVersionDate "2016.10.25"]
[SourceQuality "1"]
[WhiteTeam "Krems Voest"]
[BlackTeam "Mistelbach"]
[WhiteTeamCountry "AUT"]
[BlackTeamCountry "AUT"]

1. d4 f5 2. Bg5 c5 3. dxc5 Na6 4. e4 fxe4 5. Bxa6 bxa6 6. Qd5 Rb8 7. Qxe4 Qa5+ 8. Nd2 Rxb2 9. Ngf3 Bb7 10. Qe5 Bxf3 11. Qxb2 Bxg2 12. Rg1 Bc6 13. Be3 Nf6 14. 0-0-0 g6 15. Qb8+ Kf7 16. Nc4 Qxa2 17. Ne5+ Kg7 18. Nxc6 dxc6 19. Rd8 Kf7 20. Rgd1 Qe6 21. Kb1 Nd5 22. R1xd5 1-0

[Event "Niederoesterreich Landesliga 1516"]
[Site "Austria"]
[Date "2015.11.22"]
[Round "4.1"]
[White "Kleiser, Gregor"]
[Black "Juhasz, Kristof"]
[Result "0-1"]
[WhiteElo "2242"]
[BlackElo "2354"]
[PlyCount "70"]
[EventDate "2015.09.27"]
[EventType "team-tourn"]
[EventRounds "11"]
[EventCountry "AUT"]
[SourceTitle "CBM 170 Extra"]
[Source "ChessBase"]
[SourceDate "2016.02.25"]
[SourceVersion "1"]
[SourceVersionDate "2016.02.25"]
[SourceQuality "1"]
[WhiteTeam "Krems Voest"]
[BlackTeam "Bad Voeslau/Kottingbrunn"]
[WhiteTeamCountry "AUT"]
[BlackTeamCountry "AUT"]

1. d4 Nf6 2. Nf3 d5 3. c4 e6 4. g3 Bb4+ 5. Bd2 Be7 6. Bg2 0-0 7. 0-0 c6 8. Nc3 dxc4 9. e4 b5 10. Re1 Bb7 11. Qc2 Nbd7 12. Rad1 h6 13. Qc1 Re8 14. e5 Nh7 15. Re4 b4 16. Ne2 c5 17. Re3 cxd4 18. Nfxd4 Bxg2 19. Kxg2 Qc7 20. Re4 Nxe5 21. f3 Nf6 22. Rh4 Ng6 23. Rh3 Bf8 24. Be3 Rad8 25. Re1 Rd5 26. Nc2 e5 27. Bf2 e4 28. f4 Ng4 29. Ne3 Nxe3+ 30. Bxe3 Rdd8 31. Rh5 Qd7 32. Ra5 Qg4 33. Ng1 Nh4+ 34. Kf2 Nf3 35. Rf1 Nxh2 0-1

[Event "Niederoesterreich Landesliga 1415"]
[Site "Austria"]
[Date "2015.03.15"]
[Round "10.2"]
[White "Kleiser, Gregor"]
[Black "Sandhoefner, Florian"]
[Result "0-1"]
[WhiteElo "2300"]
[BlackElo "2278"]
[PlyCount "132"]
[EventDate "2014.10.05"]
[EventType "team-tourn"]
[EventRounds "11"]
[EventCountry "AUT"]
[SourceTitle "EXT 2016"]
[Source "ChessBase"]
[SourceDate "2015.10.08"]
[SourceVersion "1"]
[SourceVersionDate "2015.10.08"]
[SourceQuality "1"]
[WhiteTeam "Krems Voest"]
[BlackTeam "Amstetten"]
[WhiteTeamCountry "AUT"]
[BlackTeamCountry "AUT"]

1. Nf3 d5 2. g3 Nf6 3. Bg2 Bf5 4. c4 e6 5. Qb3 Qc8 6. Nc3 c6 7. Nh4 Bg6 8. d4 Bd6 9. Bg5 Nbd7 10. Rc1 Qb8 11. 0-0 0-0 12. Rfe1 Bh5 13. e4 dxe4 14. Nxe4 Nxe4 15. Bxe4 h6 16. Bd2 Nf6 17. Bb1 c5 18. Bc3 cxd4 19. Bxd4 e5 20. Bc3 Bg4 21. c5 Bc7 22. Qc2 Re8 23. f3 Bd7 24. Rcd1 Bc6 25. f4 b6 26. Qf5 Qc8 27. fxe5 Qxf5 28. Nxf5 Nd5 29. cxb6 Bxb6+ 30. Bd4 Bxd4+ 31. Rxd4 Rab8 32. b3 Rb4 33. a3 Rxd4 34. Nxd4 Ba8 35. b4 Rc8 36. Be4 Kf8 37. Kf2 Rc4 38. Nb5 Nxb4 39. axb4 Bxe4 40. Nd6 Rc2+ 41. Re2 Rxe2+ 42. Kxe2 Bd5 43. Ke3 g6 44. Kd4 Bg2 45. b5 Bh3 46. Kc5 Ke7 47. Nb7 Bg2 48. Na5 Kd7 49. Nc4 Bh3 50. Nd6 Be6 51. Ne4 Bh3 52. Nc3 Bg2 53. Ne2 Bf3 54. Nf4 g5 55. Nd3 Ke6 56. h4 Be4 57. Nb4 Kxe5 58. hxg5 hxg5 59. g4 f6 60. Na6 f5 61. gxf5 Bxf5 62. Nb4 g4 63. Nc6+ Ke4 64. Nd4 g3 65. Ne2 g2 66. Ng1 Ke3 0-1

[Event "AUT-chT2O 1415"]
[Site "Austria"]
[Date "2014.10.19"]
[Round "2.2"]
[White "Kleiser, Gregor"]
[Black "Dragnev, Valentin"]
[Result "0-1"]
[WhiteElo "2291"]
[BlackElo "2272"]
[PlyCount "136"]
[EventDate "2014.10.18"]
[EventType "team-tourn"]
[EventRounds "11"]
[EventCountry "AUT"]
[SourceTitle "EXT 2015"]
[Source "ChessBase"]
[SourceDate "2014.11.20"]
[SourceVersion "1"]
[SourceVersionDate "2014.11.20"]
[SourceQuality "1"]
[WhiteTeam "Tschaturanga"]
[BlackTeam "Hietzing/Ottakring"]
[WhiteTeamCountry "AUT"]
[BlackTeamCountry "AUT"]

1. d4 Nf6 2. Nf3 e6 3. c4 Bb4+ 4. Bd2 c5 5. g3 0-0 6. Bg2 Nc6 7. 0-0 Qb6 8. dxc5 Qxc5 9. a3 Bxd2 10. Nfxd2 b5 11. b4 Qe5 12. Ra2 a5 13. Nf3 Qb8 14. cxb5 Qxb5 15. Nd4 Qb6 16. b5 Nxd4 17. Bxa8 d5 18. Bc6 e5 19. Qc1 Bh3 20. Rd1 Rc8 21. Qg5 Ng4 22. Bxd5 Ne6 23. Qf5 g6 24. Qf3 Ng5 25. Bxf7+ Kg7 26. Bd5 Nxf3+ 27. exf3 Nxf2 28. Rxf2 Rc2 29. Nd2 Qe3 30. Bc4 Kf8 31. Bf1 Bxf1 32. Kxf1 Qxa3 33. Ne4 Rc1 34. Rxc1 Qxc1+ 35. Kg2 a4 36. b6 Qb1 37. Nc5 a3 38. b7 Ke7 39. Rd2 e4 40. fxe4 a2 41. b8Q Qxb8 42. Rxa2 Qb4 43. Rc2 Qb1 44. Rd2 Qc1 45. Rd7+ Ke8 46. Rd5 Qe3 47. h4 Qe2+ 48. Kh3 Qf1+ 49. Kg4 Qf2 50. h5 Qe2+ 51. Kh4 Kf7 52. Rd7+ Kg8 53. hxg6 hxg6 54. Rd5 Kh7 55. Re5 Kg7 56. Rd5 Kh6 57. Re5 Qd1 58. Rd5 g5+ 59. Kh3 Qh1+ 60. Kg4 Qh5+ 61. Kf5 Qf3+ 62. Ke6 Qxg3 63. e5 g4 64. Rd3 Qf4 65. Kd6 g3 66. Ne6 Qb4+ 67. Kd5 Qb7+ 68. Kd6 Qa6+ 0-1

[Event "AUT-chT2O 1415"]
[Site "Austria"]
[Date "2014.10.18"]
[Round "1.5"]
[White "Kleiser, Gregor"]
[Black "Brod, Manfred"]
[Result "1-0"]
[WhiteElo "2291"]
[BlackElo "2266"]
[PlyCount "69"]
[EventDate "2014.10.18"]
[EventType "team-tourn"]
[EventRounds "11"]
[EventCountry "AUT"]
[SourceTitle "EXT 2015"]
[Source "ChessBase"]
[SourceDate "2014.11.20"]
[SourceVersion "1"]
[SourceVersionDate "2014.11.20"]
[SourceQuality "1"]
[WhiteTeam "Tschaturanga"]
[BlackTeam "Mattersburg"]
[WhiteTeamCountry "AUT"]
[BlackTeamCountry "AUT"]

1. d4 Nf6 2. c4 g6 3. Nf3 Bg7 4. Nc3 d5 5. cxd5 Nxd5 6. e4 Nxc3 7. bxc3 c5 8. Rb1 0-0 9. Be2 b6 10. 0-0 Qc7 11. d5 Bxc3 12. Bb2 Bxb2 13. Rxb2 Nd7 14. Rd2 Bb7 15. Qa1 a6 16. Rfd1 b5 17. d6 exd6 18. Rxd6 Rad8 19. Ng5 Nb6 20. Qe5 Rxd6 21. Rxd6 Na8 22. Qf6 c4 23. e5 Re8 24. Bg4 Bc8 25. Bxc8 Rxc8 26. e6 fxe6 27. Qxe6+ Kg7 28. Rd7+ Kh6 29. Nf7+ Kg7 30. Nd6+ Kh6 31. Qh3+ Kg5 32. Ne4+ Kf4 33. Qf3+ Ke5 34. Qf6+ Kxe4 35. Rd4# 1-0

[Event "Vienna State-ch"]
[Site "Vienna"]
[Date "2014.09.14"]
[Round "9"]
[White "Stanec, Nikolaus"]
[Black "Kleiser, Gregor"]
[Result "1-0"]
[WhiteElo "2504"]
[BlackElo "2300"]
[PlyCount "71"]
[EventDate "2014.09.06"]
[EventType "tourn"]
[EventRounds "9"]
[EventCountry "AUT"]
[EventCategory "6"]
[SourceTitle "CBM 162 Extra"]
[Source "ChessBase"]
[SourceDate "2014.10.17"]
[SourceVersion "1"]
[SourceVersionDate "2014.10.17"]
[SourceQuality "1"]

1. e4 c5 2. Nf3 d6 3. c3 Nf6 4. Bd3 Nc6 5. h3 g6 6. 0-0 Bg7 7. Bc2 0-0 8. d4 cxd4 9. cxd4 d5 10. e5 Ne8 11. Nc3 Nc7 12. Re1 b5 13. Be3 b4 14. Na4 Ne6 15. Rc1 Na5 16. Bd3 Bd7 17. Nc5 Nxc5 18. Rxc5 e6 19. Qd2 Qb6 20. Bh6 Rfc8 21. Bxg7 Kxg7 22. Rec1 Rxc5 23. dxc5 Qb7 24. h4 Bb5 25. Bxb5 Qxb5 26. h5 Nc6 27. Qg5 Qb8 28. Qf6+ Kg8 29. Ng5 Qf8 30. Nxe6 Qh6 31. Ng5 Rf8 32. Re1 Nd4 33. c6 Qxh5 34. c7 h6 35. c8Q hxg5 36. Qh3 1-0

[Event "Vienna State-ch"]
[Site "Vienna"]
[Date "2014.09.08"]
[Round "3"]
[White "Kleiser, Gregor"]
[Black "Gstach, Jakob"]
[Result "0-1"]
[WhiteElo "2300"]
[BlackElo "2250"]
[PlyCount "78"]
[EventDate "2014.09.06"]
[EventType "tourn"]
[EventRounds "9"]
[EventCountry "AUT"]
[EventCategory "6"]
[SourceTitle "CBM 162 Extra"]
[Source "ChessBase"]
[SourceDate "2014.10.17"]
[SourceVersion "1"]
[SourceVersionDate "2014.10.17"]
[SourceQuality "1"]

1. d4 Nf6 2. c4 g6 3. Nc3 Bg7 4. e4 0-0 5. Nf3 c6 6. Be2 d5 7. e5 Ne4 8. 0-0 Nxc3 9. bxc3 dxc4 10. Bxc4 c5 11. e6 Bxe6 12. Bxe6 fxe6 13. Qb3 Qb6 14. dxc5 Qxb3 15. axb3 Bxc3 16. Bh6 Bxa1 17. Bxf8 Bf6 18. Bh6 Nc6 19. Rd1 Nd4 20. Nxd4 Rd8 21. Kf1 Rxd4 22. Rc1 g5 23. g3 Rb4 24. c6 bxc6 25. Rxc6 Kf7 26. f4 gxf4 27. Bxf4 Rxb3 28. Ra6 Bd4 29. Ra5 e5 30. Bg5 Rb2 31. Rd5 Ke6 32. Rd8 Rxh2 33. Re8 Rf2+ 34. Ke1 Rf7 35. Ke2 Kd5 36. Bxe7 Ke4 37. Bg5 Rf2+ 38. Ke1 Rg2 39. Bh4 Kd3 0-1